000 00251 a2200121 4500
250 _a2ème éd.
245 _aLa guérison
100 _aSarano, J.
260 _c1966
300 _a128 p.
999 _c17524
_d17524